000 00684nam a22002057a 4500
999 _c16294
_d16294
003 AR-CdUCM
008 190503b ||||| |||| 00| 0 spa d
040 _aMUNICIPALIDAD PROVINCIAL DEL CUSCO
_cBIBLIOTECA MUNICIPAL DEL CUSCO
082 _a030 /
_bC29
100 _aCárdenas, Eduardo
_932388
245 _aEl mundo en su mano /
260 _aU,S,A, :
_bModerna ING,.
300 _a505 páginas ;
_c19 cm.
440 _aEnciclopedia de datos útiles.
_935654
500 _aEl libro compañero del almanaque mundial, enciclopedia temática de datos útiles.
650 _aDiccionario.
_95196
650 _aEnciclopedia.
_918075
942 _2ddc
_cLIBROS
945 _arum
_d2019-05-03